1496 1267 1780 1229 1089 1774 1549 1226 1603 1262 1094 1088 1738 1274 1654 1752 1006 1381 1906 1289 1362 1383 1472 1385 1635 1756 1213 1578 1653 1035 1735 1456 1807 1528 1448 1708 1880 1721 1700 1427 1754 1064 1027 1917 1493 1987 1740 1970 1280 1259 1314 1538 1058 1546 1364 1092 1156 1083 1799 1864 1954 1519 1294 1239 1985 1303 1465 1493 1098 1281 1012 1580 1531 1352 1664 1621 1067 1310 1627 1937 1048 1911 1079 1036 1442 1641 1693 1623 1885 1553 1192 1166 1312 1622 1025 1551 1798 1587 1866 BCNSPRNW ULIB Ver.6.0+V

เปลี่ยนเป็นภาษาไทย

Change to English
 แสดงรายละเอียดบรรณานุกรม
  กลับหน้าหลัก

Brief Record : Get Marc (ISO 2709) : E-mail record : QR code < ปิดหน้าต่าง
LEADER : 00000nam 2200000uu 4500
001    13399123163
003     ULIB
008    020711s2548 th a 000 0 tha d
020    9749335007
020    9789749335000
090    นว.^bฬ111ห
100    ฬีฬา
110    ยาหยี-ยาใจ
245    หนึ่งเดียวในดวงใจ /^cฬีฬา
250    พิมพ์ครั้งที่ 2
260    กรุงเทพฯ :^bยาหยี-ยาใจ,^c2548
300    195 หน้า;^b21 ซม.
945    ^p130^l0^i034421
999    ^aเกษร โพธิ์สุวรรณ
รายการนี้ยังไม่มีแท็ก
คุณยังไม่ได้ล็อกอิน คุณสามารถมีกิจกรรมร่วมกับเว็บไซต์ได้ แต่ต้องล็อกอินก่อน ::
  ล็อกอิน

รายการสื่อสารสนเทศ

ลำดับที่ ประเภท เลขเรียก/บาร์โค้ด สถานที่ สถานะ
1. นวนิยาย
นวนิยาย
นว. ฬ111ห ฉ.1 
  Barcode: 034421
ห้องสมุดวิทยาเขตสวรรค์ประชารักษ์
►นวนิยาย
บนชั้น
  ขอยืม

รายการใกล้เคียง
    ผู้แต่ง [ฬีฬา]

BibComment


ยังไม่เคยถูกคอมเมนท์

คอมเมนท์ทรัพยากรรายการนี้
  คอมเมนท์: หนึ่งเดียวในดวงใจ..


 Copyright 2026. Bcnsprnw @Library